00894nam a2200181 i 4500003000900000005001700009007000300026008004100029040003000070082001800100110009000118245027100208264011900479300002500598336002700623337003400650338002800684DO-SdBNP20250116073944.0ta110413s1977 dr 000 0 spa d aDO-SdBNPbspacBNPHUerda axxxbD2862221 aRepública Dominicana.bSecretaría de Estado de Educación, Bellas Artes y Cultos10aDeber de los padres :bdiscurso pronunciado por el señor Secretario de Educación, Dr. Leonardo Matos Berrido, en el Congreso de delegados de las Sociedades de Padres y amigos de la escuela, celebrado en el Palacio de Bellas Artes, el 24 de noviembre de 1976 /  aSanto Domingo :bSecretaria de Estado de Educación Bellas Artes y Cultos,bImpresos Nacionales Sánchez,c1977. a4 páginas c25 cm. 2rdacontentatextobtxt 2rdamediaasin mediación bn 2rdacarrieravolumenbnc